Dans le premier et le dernier épisode de Game of Thrones (Mort subite) - Statistiques

Statistiques générales
  • Ce quiz a été pris 651 fois
    592 depuis la dernière actualisation
  • Le résultat moyen est 4 sur 6
Answers on the Grid
Answers color-coded by a green-red scale on the quiz's grid according to % correct below.
Daenerys Targaryen
Jon Snow
Sansa Stark
Arya Stark
Bran Stark
Tyrion Lannister
Sandor Clegane (le Limier)
Gregor Clegane (la Montagne)
Bronn
Brienne de Torth
Theon Greyjoy
Varys
Jorah Mormont
Missandei
Khal Drogo
Joffrey Baratheon
Ned Stark
Samwell Tarly
Jaime Lannister
Cersei Lannister
 
Statistiques - réponses
Réponse % Correct
Arya Stark
73%
Jon Snow
73%
Sansa Stark
68%
Bran Stark
66%
Tyrion Lannister
62%
Daenerys Targaryen
49%
Aucun quiz correspondant
Distribution des résultats
% des personnes avec chaque résultat
Percentile par nombre de réponses
Votre historique - résultats
Vous n’avez pas pris ce quiz depuis la dernière actualisation